| 000 | 01474cam a2200325 a 4500 | ||
|---|---|---|---|
| 001 | 13145430 | ||
| 005 | 20060908113926.0 | ||
| 008 | 030402r20031981wiu b 000 0 eng | ||
| 010 | _a2003045823 | ||
| 020 | _a029919194X (pbk. : alk. paper) | ||
| 040 |
_aDLC _cDLC _dDLC |
||
| 043 | _an-us--- | ||
| 050 | 0 | 0 |
_aLB3060.57 _b.K36 2003 |
| 082 | 0 | 0 |
_a371.26 _221 _bKES |
| 100 | 1 |
_aKesselman-Turkel, Judi. _97882 |
|
| 245 | 1 | 0 |
_aTest-Taking Strategies / _cJudi Kesselman-Turkel and Franklynn Peterson. |
| 260 |
_aMadison : _bUniversity of Wisconsin Press, _cc1981. |
||
| 300 |
_avi, 120 p. ; _c20 cm. |
||
| 490 | 0 | _aStudy smart series ; | |
| 500 | _aOriginally published: Chicago : Contemporary Books, c1981. | ||
| 504 | _aIncludes bibliographical references ([99]-100). | ||
| 650 | 0 |
_aTest-taking skills. _97884 |
|
| 650 | 0 |
_aExaminations _zUnited States _vStudy guides. _97885 |
|
| 700 | 1 |
_aPeterson, Franklynn. _97886 |
|
| 856 | 4 | 2 |
_3Contributor biographical information _uhttp://www.loc.gov/catdir/enhancements/fy0666/2003045823-b.html |
| 856 | 4 | 2 |
_3Publisher description _uhttp://www.loc.gov/catdir/enhancements/fy0666/2003045823-d.html |
| 942 |
_2ddc _cBB |
||
| 999 |
_c12301 _d12301 |
||